On This Day: March 8th II Quiz Stats

 Plays Quiz Updated Mar 8, 2018

Support Sporcle.
Go Orange.
Score 0/7 Timer 03:00
0 Plays Today
Question Answer Wrong Answers
This nation re-opens the Suez Canal following the Suez Crisis.
1957
Egypt
90.5%
Iran
2%
Iraq
1.4%
Libya
3.9%
An anonymous writer, thought by some to be this ‘Common Sense’ author, publishes ‘African Slavery in America’, the first article in the American colonies calling for the emancipation of slaves and the abolition of slavery.
1775
Thomas Paine
79.4%
John Locke
5%
Samuel Adams
7.1%
Frederick Douglass
8.5%
Sometimes called the 8 March Revolution, the Ba'ath Party comes to power in ______ following a coup d'état by a clique of quasi-leftist Army officers calling themselves the National Council of the Revolutionary Command.
1963
Syria
52.5%
Turkey
18.8%
India
12.7%
Laos
13.4%
Philips demonstrates the ______ publicly for the first time.
1979
Compact Disc
50.8%
Personal Computer
9.7%
Long Play Record
2.4%
Walkman
34%
King ______ I ascends to the thrones of Sweden and Norway.
1844
Oscar
50.5%
Henry
10.4%
Charles
17.6%
Edward
20.7%
The Battle of Guadalajara begins, which would result in an important strategic and morale boosting victory for the Republican Army in this war.
1937
Spanish Civil War
48.9%
Peninsular War
3.9%
Mexican Revolution
43.1%
Falklands War
2.7%
The Supreme Court of the United States rules in McCollum v. Board of Education that ______ instruction in public schools is unconstitutional.
1948
Religious
48.2%
Evolution
10.1%
Segregated
36.1%
Anti-American
3.7%

From the Vault

Famous Firsts

by Ben

Firstly, take this quiz. Then, if at first you don't succeed, try try again.
Remove Ads.
Support Sporcle.
Get the best of Sporcle when you Go Orange. This ad-free experience offers more features, more stats, and more fun while also helping to support Sporcle. Thank you for becoming a member.

Show Comments

Extras

Top Quizzes Today


Score Distribution

Your Account Isn't Verified!

In order to create a playlist on Sporcle, you need to verify the email address you used during registration. Go to your Sporcle Settings to finish the process.

Report this User

Report this user for behavior that violates our Community Guidelines.

Details: